00436nam a2200157Ia 450000500170000000800410001708200130005810000150007124500150008626000350010130000120013665000100014894200060015895200990016499900150026320250320220047.0240331s9999 xx 000 0 und d bNADa894 aNadarajan, 0aChilampoli aJaffnabAnaththa Achagamc1960 a85 p ., aPoems cL 001040708LaWERCLbWERCLcSSCd2024-03-31l0o 894.811 NADp2379r2024-03-31w2024-03-31yL c4062d4062